Jujutsu Kaisen by Quote! - Statistics

General Stats
  • This quiz has been taken 541 times
  • The average score is 11 of 30
Answer Stats
Answer Hint % Correct
"I TRULY AM A CURSE!" Mahito
83%
"I hate those stupid monkeys." Suguru Geto
83%
"I am you." Yuji Itadori
63%
"With this sacred treasure I summon." Megumi Fushiguro
60%
"Salmon." Toge Inumaki
52%
"We are the exception." Aoi Todo
47%
"Tell everyone, life wasn't so bad." Nobara Kugisaki
47%
"Stand proud, you are strong." Ryomen Sukuna
46%
"This is pure love." Yuta Okkotsu
46%
"Saturo Gojo, look over here!" Jogo
45%
"I will fulfill my duty as the older brother!" Choso
44%
"I leave the rest to you." Kento Nanami
44%
"JACK POT!" Kinji Hakari
44%
"Lost to a monkey like me who can't even use jujutsu." Toji Fushiguro
42%
"Hey boy, what women is your type?" Yuki Tsukumo
40%
"The forests, the oceans and the sky all weep so vehemently that I can no longer stand it." Hanami
36%
"Now it's up to you guys." Kenjaku
35%
"I'm on the side with the money of course." Mei Mei
35%
"Yuji... help me..." Junpei Yoshino
31%
"Throughout heaven and Earth, I alone am the honored one." Saturo Gojo
28%
"TURN UP THE VOLUME! BECAUSE THIS IS A FUNERAL FOR THE LIVING!" Hajime Kashimo
26%
"I never once have been jealous of humans." Panda
26%
"____ the useless here." Kasumi Miwa
24%
"All of our friends are stronger thank you think, Master." Maki Zeni'n
24%
"We all bear names." Dagon
23%
"I'm not crying! Respect your elders!" Utahime Lori
20%
"Don't you have a human heart?" Naoya Zeni'n
19%
"Find your happiness." Kokichi Muta
14%
"I won't turn into trash like them." Shoko Lieri
14%
"I'm smart!" Ko-Guy
9%
No matching quizzes found
Score Distribution
Percent of People with Each Score
Percentile by Number Answered
Your Score History
You have not taken this quiz